[Event "POR CupT qf  40th"]
[Site "Portugal"]
[Date "2018.05.05"]
[Round "3.4"]
[White "Branco, Joao Carlos Fernand"]
[Black "Veiga, Jose Francisco RP"]
[Result "0-1"]
[WhiteElo "1704"]
[BlackElo "2273"]
[PlyCount "92"]
[EventDate "2017.12.16"]
[EventType "team-k.o."]
[EventRounds "6"]
[EventCountry "POR"]
[SourceTitle "EXT 2019"]
[Source "ChessBase"]
[SourceDate "2018.10.10"]
[SourceVersion "1"]
[SourceVersionDate "2018.10.10"]
[SourceQuality "1"]
[WhiteTeam "Barcelos"]
[BlackTeam "Porto D"]
[WhiteTeamCountry "POR"]
[BlackTeamCountry "POR"]

1. d4 Nf6 2. c4 c5 3. d5 e6 4. Nc3 exd5 5. cxd5 d6 6. g3 g6 7. Bg2 Bg7 8. Nf3 0-0 9. 0-0 Re8 10. Nd2 a6 11. a4 Nbd7 12. h3 Rb8 13. Nc4 Ne5 14. Na3 Nh5 15. e4 Bd7 16. g4 b5 17. f4 Nxg4 18. hxg4 Bd4+ 19. Rf2 Bxf2+ 20. Kxf2 Qh4+ 21. Kg1 Bxg4 22. Qf1 b4 23. Nc4 bxc3 24. bxc3 Ng3 25. Qf2 Ne2+ 26. Kf1 Qxf2+ 27. Kxf2 Nxc1 28. Rxc1 Red8 29. e5 dxe5 30. fxe5 Bd7 31. a5 Rb3 32. Nb6 Rb2+ 33. Kf1 Bf5 34. d6 h5 35. Nd5 Bd3+ 36. Kg1 Rxg2+ 37. Kxg2 Be4+ 38. Kg3 Bxd5 39. Rb1 Kg7 40. Rb6 g5 41. Rxa6 h4+ 42. Kg4 Kg6 43. Rb6 Be6+ 44. Kf3 g4+ 45. Kg2 Bd5+ 46. Kg1 g3 0-1

[Event "Guimaraes op"]
[Site "Guimaraes"]
[Date "2017.09.03"]
[Round "3"]
[White "Branco, Joao Carlos Fernand"]
[Black "Couto, Gaspar Sousa"]
[Result "1-0"]
[WhiteElo "1670"]
[BlackElo "1172"]
[PlyCount "49"]
[EventDate "2017.09.02"]
[EventType "swiss"]
[EventRounds "7"]
[EventCountry "POR"]
[SourceTitle "CBM 180 Extra"]
[Source "ChessBase"]
[SourceDate "2017.10.06"]
[SourceVersion "1"]
[SourceVersionDate "2017.10.06"]
[SourceQuality "1"]

1. d4 d5 2. c4 e6 3. Nc3 Nf6 4. cxd5 exd5 5. Bg5 Be7 6. e3 0-0 7. Bd3 Nbd7 8. Nge2 c6 9. 0-0 Re8 10. f3 Qc7 11. e4 dxe4 12. fxe4 Nb6 13. Qd2 Be6 14. e5 Nfd5 15. Ne4 Rad8 16. Rac1 Rc8 17. Bxe7 Rxe7 18. N2g3 Rd8 19. Nh5 Red7 20. Qg5 f6 21. Nhxf6+ Kh8 22. Nxd7 Qxd7 23. Nc5 Qc8 24. Nxe6 Qxe6 25. Qxd8+ 1-0

[Event "Guimaraes op"]
[Site "Guimaraes"]
[Date "2017.09.02"]
[Round "1"]
[White "Branco, Joao Carlos Fernand"]
[Black "Faria, Rafael Manuel"]
[Result "1-0"]
[WhiteElo "1670"]
[BlackElo "1028"]
[PlyCount "43"]
[EventDate "2017.09.02"]
[EventType "swiss"]
[EventRounds "7"]
[EventCountry "POR"]
[SourceTitle "CBM 180 Extra"]
[Source "ChessBase"]
[SourceDate "2017.10.06"]
[SourceVersion "1"]
[SourceVersionDate "2017.10.06"]
[SourceQuality "1"]

1. d4 d5 2. c4 c6 3. Nc3 Nf6 4. Bg5 e6 5. e3 Be7 6. Bd3 0-0 7. Nf3 Bd7 8. 0-0 h6 9. Bh4 c5 10. Re1 cxd4 11. exd4 Qb6 12. cxd5 Qxb2 13. Qb3 Qxb3 14. axb3 Re8 15. dxe6 Bxe6 16. d5 Bxd5 17. Bxf6 Bxf3 18. Rxe7 Kf8 19. Rxe8+ Kxe8 20. Bxg7 Bd5 21. Nxd5 Nc6 22. Nc7+ 1-0

[Event "Guimaraes op"]
[Site "Guimaraes"]
[Date "2017.09.02"]
[Round "2"]
[White "Ferreira, Hugo Miguel da Cost"]
[Black "Branco, Joao Carlos Fernand"]
[Result "1-0"]
[WhiteElo "2089"]
[BlackElo "1670"]
[PlyCount "96"]
[EventDate "2017.09.02"]
[EventType "swiss"]
[EventRounds "7"]
[EventCountry "POR"]
[SourceTitle "CBM 180 Extra"]
[Source "ChessBase"]
[SourceDate "2017.10.06"]
[SourceVersion "1"]
[SourceVersionDate "2017.10.06"]
[SourceQuality "1"]

1. d4 d5 2. Bf4 Nf6 3. e3 c5 4. c3 Nc6 5. Nd2 Bf5 6. Ngf3 e6 7. Ne5 Bd6 8. Bb5 Qc7 9. Ndf3 Ne4 10. 0-0 0-0 11. Nd3 a6 12. Ba4 b5 13. Bc2 c4 14. Bxd6 Qxd6 15. Nf4 b4 16. Nd2 Nxd2 17. Qxd2 Bxc2 18. Qxc2 Rab8 19. Ne2 Rb6 20. b3 Na5 21. e4 bxc3 22. Qxc3 Qb4 23. exd5 exd5 24. Qf3 cxb3 25. Rab1 b2 26. Nc3 Nc4 27. Nxd5 Nd2 28. Qd3 Qa5 29. Nxb6 Nxb1 30. Nc4 Qc3 31. Qxb1 Qxc4 32. Qxb2 Rd8 33. Rc1 Qd5 34. h3 h6 35. Rd1 Rd6 36. Qb3 Qb5 37. Qxb5 axb5 38. Kf1 Rd5 39. Ke2 Kf8 40. Ke3 Ke7 41. Rc1 Kd6 42. Rc8 h5 43. Rd8+ Ke6 44. Rxd5 Kxd5 45. Kd3 g6 46. Kc3 h4 47. Kb4 Kc6 48. d5+ Kxd5 1-0

[Event "POR-ch Amador U2000"]
[Site "Barcelos"]
[Date "2016.07.20"]
[Round "1"]
[White "Branco, Joao Carlos Fernand"]
[Black "Martins, Diogo Faria Oliveir"]
[Result "0-1"]
[WhiteElo "1598"]
[BlackElo "1829"]
[PlyCount "60"]
[EventDate "2016.07.20"]
[EventType "tourn"]
[EventRounds "5"]
[EventCountry "POR"]
[SourceTitle "EXT 2018"]
[Source "ChessBase"]
[SourceDate "2017.10.13"]
[SourceVersion "1"]
[SourceVersionDate "2017.10.13"]
[SourceQuality "1"]

1. d4 Nf6 2. c4 c5 3. d5 e6 4. Nc3 exd5 5. cxd5 d6 6. g3 g6 7. Bg2 Bg7 8. Nf3 0-0 9. 0-0 a6 10. a4 Re8 11. Nd2 Nbd7 12. Nc4 Ne5 13. Na3 Nh5 14. e4 b5 15. axb5 axb5 16. Ncxb5 Ba6 17. Be3 Qd7 18. Nc3 Bxf1 19. Qxf1 Rab8 20. Nab5 Rb7 21. Ra6 Bf8 22. h3 c4 23. g4 Nf6 24. f4 Nd3 25. e5 Rxb5 26. Nxb5 Qxb5 27. Rb6 Qa5 28. Bd4 Nxd5 29. Bxd5 Qxd5 30. Bc3 Qc5+ 0-1

[Event "Gaia Profigaia op 9th"]
[Site "Vila Nova de Gaia"]
[Date "2016.06.27"]
[Round "6"]
[White "Silva, Mariana Sofia Teixe"]
[Black "Branco, Joao Carlos Fernand"]
[Result "1-0"]
[WhiteElo "1879"]
[BlackElo "1608"]
[PlyCount "55"]
[EventDate "2016.06.24"]
[EventType "swiss"]
[EventRounds "7"]
[EventCountry "POR"]
[SourceTitle "EXT 2018"]
[Source "ChessBase"]
[SourceDate "2017.10.13"]
[SourceVersion "1"]
[SourceVersionDate "2017.10.13"]
[SourceQuality "1"]

1. e4 c6 2. d4 d5 3. Nc3 dxe4 4. Nxe4 Bf5 5. Ng3 Bg6 6. Nh3 e6 7. Nf4 Bd6 8. c3 Qc7 9. Qf3 Nf6 10. h4 Nbd7 11. h5 Bf5 12. Nxf5 exf5 13. Bd3 0-0-0 14. Bxf5 Rde8+ 15. Ne2 g6 16. Bxd7+ Nxd7 17. Be3 f5 18. 0-0-0 Nf6 19. hxg6 hxg6 20. Nf4 Rhg8 21. Kb1 Ne4 22. d5 Be5 23. Nxg6 Bxc3 24. Qxf5+ Kb8 25. bxc3 Nxc3+ 26. Kc2 Nxd1 27. Rxd1 Qa5 28. Rh1 1-0

[Event "Famalicao op 3rd"]
[Site "Famalicao"]
[Date "2015.08.06"]
[Round "6"]
[White "Branco, Joao Carlos Fernand"]
[Black "Fernandes, Miguel A Murtinho"]
[Result "0-1"]
[WhiteElo "1576"]
[BlackElo "1832"]
[PlyCount "60"]
[EventDate "2015.08.02"]
[EventType "swiss"]
[EventRounds "7"]
[EventCountry "POR"]
[SourceTitle "CBM 167 Extra"]
[Source "ChessBase"]
[SourceDate "2015.09.14"]
[SourceVersion "1"]
[SourceVersionDate "2015.09.14"]
[SourceQuality "1"]

1. d4 d5 2. c4 c6 3. Nf3 Nf6 4. e3 e6 5. b3 Bb4+ 6. Nbd2 Nbd7 7. Bb2 0-0 8. Bd3 Re8 9. a3 Bd6 10. Ne5 Nf8 11. 0-0 Ng6 12. f4 c5 13. Rc1 b6 14. Ndf3 cxd4 15. Nxd4 Bxe5 16. Nc6 Bxb2 17. Nxd8 Bxc1 18. Qxc1 Rxd8 19. c5 bxc5 20. Qxc5 Bd7 21. Ba6 Ne4 22. Qd4 Rdb8 23. b4 Bb5 24. Bxb5 Rxb5 25. Rc1 a5 26. h3 axb4 27. axb4 Rab8 28. Qa7 Rxb4 29. Rc7 Rb1+ 30. Kh2 Nh4 0-1

[Event "Famalicao op 2nd"]
[Site "Famalicao"]
[Date "2014.09.05"]
[Round "6"]
[White "Branco, Joao Carlos Fernand"]
[Black "Ribeiro, Bruno Rafael Leite"]
[Result "0-1"]
[WhiteElo "1548"]
[BlackElo "1732"]
[PlyCount "48"]
[EventDate "2014.09.01"]
[EventType "swiss"]
[EventRounds "7"]
[EventCountry "POR"]
[SourceTitle "EXT 2018"]
[Source "ChessBase"]
[SourceDate "2017.10.13"]
[SourceVersion "1"]
[SourceVersionDate "2017.10.13"]
[SourceQuality "1"]

1. Nf3 Nf6 2. d4 b6 3. g3 Bb7 4. Bg2 e6 5. c4 Be7 6. 0-0 0-0 7. Nc3 c5 8. Re1 d5 9. cxd5 exd5 10. Bg5 Na6 11. Rc1 Re8 12. e3 h6 13. Bxf6 Bxf6 14. Qb3 Nb4 15. Red1 a5 16. Bf1 c4 17. Qa3 Be7 18. Qa4 Bc6 19. Nb5 Qd7 20. Ne5 Bxb5 21. Nxd7 Bxa4 22. Nxb6 Bxd1 23. Nxa8 Rxa8 24. Rxd1 Nxa2 0-1

[Event "Famalicao op 2nd"]
[Site "Famalicao"]
[Date "2014.09.01"]
[Round "1"]
[White "Branco, Joao Carlos Fernand"]
[Black "Campora, Daniel Hugo"]
[Result "0-1"]
[WhiteElo "1548"]
[BlackElo "2456"]
[PlyCount "60"]
[EventDate "2014.09.01"]
[EventType "swiss"]
[EventRounds "7"]
[EventCountry "POR"]
[SourceTitle "EXT 2018"]
[Source "ChessBase"]
[SourceDate "2017.10.13"]
[SourceVersion "1"]
[SourceVersionDate "2017.10.13"]
[SourceQuality "1"]

1. d4 Nf6 2. c4 e6 3. Nc3 Bb4 4. Qc2 c5 5. dxc5 Na6 6. a3 Qa5 7. Bd2 Nxc5 8. Rd1 Bxc3 9. Bxc3 Qa4 10. Qxa4 Nxa4 11. Bd4 b6 12. e3 Ke7 13. Be2 Bb7 14. Bf3 Bxf3 15. Nxf3 d6 16. b3 Nc5 17. Nd2 e5 18. Bxc5 bxc5 19. b4 cxb4 20. axb4 Rhb8 21. Rb1 a5 22. bxa5 Rxb1+ 23. Nxb1 Rxa5 24. 0-0 Ra2 25. Nc3 Rc2 26. Nd5+ Ke6 27. Nb6 Ne4 28. f3 Nd2 29. Rd1 f5 30. Nc8 Nxc4 0-1

[Event "Gaia Profigaia op 7th"]
[Site "Vila Nova de Gaia"]
[Date "2014.07.01"]
[Round "6"]
[White "Branco, Joao Carlos Fernand"]
[Black "Duarte, Filipe Lapa"]
[Result "1-0"]
[WhiteElo "1518"]
[BlackElo "1399"]
[PlyCount "93"]
[EventDate "2014.06.28"]
[EventType "swiss"]
[EventRounds "9"]
[EventCountry "POR"]
[SourceTitle "CBM 161 Extra"]
[Source "ChessBase"]
[SourceDate "2014.08.29"]
[SourceVersion "1"]
[SourceVersionDate "2014.08.29"]
[SourceQuality "1"]

1. d4 c5 2. e3 Nf6 3. Nf3 d5 4. c4 e6 5. Nc3 Be7 6. Be2 0-0 7. 0-0 cxd4 8. exd4 Nc6 9. Bf4 h6 10. Ne5 Qb6 11. Na4 Qa5 12. a3 Bd6 13. c5 Bxe5 14. dxe5 Nd7 15. b4 Qc7 16. Nc3 Ndxe5 17. Nb5 Qe7 18. Nd6 b6 19. b5 bxc5 20. Nxc8 Rfxc8 21. bxc6 Nxc6 22. Ba6 Rd8 23. Rb1 c4 24. Bb7 Rdc8 25. Bxc8 Rxc8 26. Qa4 e5 27. Bg3 c3 28. Rfe1 f6 29. f3 d4 30. Rbc1 Nd8 31. f4 d3 32. Qb3+ Kh8 33. Rxc3 Rxc3 34. Qxc3 e4 35. Qxd3 f5 36. Qc2 Nf7 37. Qc8+ Kh7 38. Qxf5+ g6 39. Qxe4 Qxa3 40. Qe7 Qa2 41. Qe6 Qxe6 42. Rxe6 Kg7 43. Re7 a5 44. Ra7 Kf6 45. Rxa5 Nd6 46. Ra6 Ke6 47. f5+ 1-0